Hauptstädte am Meer - Sudden Death - Statistiken

Allgemein
  • Dieses Quiz wurde 250 mal gespielt
  • Das Durchschnittsergebnis liegt bei 9 aus 18
Answers on the Grid
Answers color-coded by a green-red scale on the quiz's grid according to % correct below.
Lissabon
Lima
Montevideo
Accra
Dakar
Dublin
Helsinki
Abu Dhabi
Bangkok
Jakarta
Wellington
Panama-Stadt
Libreville
Beirut
Reykjavík
Havanna
Kopenhagen
Monaco
Ottawa
Bogotá
Madrid
Vilnius
Brüssel
London
Kinshasa
Abuja
Ankara
Bagdad
Neu-Delhi
Phnom Penh
 
Antwortstatistiken
Antwort % Korrekt
Lissabon
77%
Monaco
77%
Kopenhagen
73%
Reykjavík
62%
Havanna
61%
Dublin
59%
Helsinki
59%
Abu Dhabi
52%
Jakarta
50%
Montevideo
48%
Wellington
48%
Panama-Stadt
47%
Bangkok
46%
Beirut
46%
Dakar
40%
Lima
33%
Accra
30%
Libreville
24%
Keine übereinstimmenden Quizze gefunden
Verteilung der Resultate
Anzahl Personen mit jedem Resultat
Perzentil nach korrekt beantworteten Fragen
Ihre Resultats-Entwicklung
Sie haben dieses Quiz noch nicht gespielt